| 000 | 00668nam a2200205 a 4500 | ||
|---|---|---|---|
| 001 | 000017763 | ||
| 003 | DO-SdBNP | ||
| 005 | 20251201093701.0 | ||
| 008 | 100331s2005 dr a 000 0 spa d | ||
| 020 | _a9993473340 | ||
| 040 |
_aDO-SdBNP _bspa _cBNPHU |
||
| 082 | 4 |
_a920.07293 _bR173p _222 |
|
| 100 | 1 |
_aRamírez Morillo, Belarminio, _d1964- _92520 |
|
| 245 | 1 | 0 |
_aPersonajes / _cBelarminio Ramírez Morillo. |
| 260 |
_aSanto Domingo : _bJ Y C. Ciencia y Cultura Dominicana, _c2005. |
||
| 300 |
_a241 p. : _bil. ; _c22 cm. |
||
| 504 | _aIncluye referencias bibliográficas ( p. 237-241) | ||
| 651 | 7 |
_aRepública Dominicana _vBiografía _988841 |
|
| 942 |
_2ddc _cLBS1 |
||
| 999 |
_c17288 _d17288 |
||